| 000 | 00580nam a22002057a 4500 | ||
|---|---|---|---|
| 003 | OSt | ||
| 005 | 20250916020003.0 | ||
| 008 | 160523b xxu||||| |||| 00| 0 eng d | ||
| 020 | _a9780199697397 | ||
| 040 | _cDNLM | ||
| 082 | _aQV766 P725i 2013 | ||
| 100 |
_aPatrick, Graham L. _98528 |
||
| 245 | _aAn introduction to Medicinal Chemistry | ||
| 250 | _a5th ed. | ||
| 260 | _aOxford University Press, 2013 | ||
| 300 | _axxiii,789p; col.ill: 27cm | ||
| 504 | _aReferences, appendice, glossary, & index included | ||
| 650 |
_aMedicine Chemistry _98899 |
||
| 942 |
_2z _cO_SHELF _01 |
||
| 999 |
_c4129 _d4129 |
||